| 000 | 01723cam a22003251i 4500 | ||
|---|---|---|---|
| 003 | SA-RiAUC | ||
| 005 | 20260220120259.0 | ||
| 008 | 260219s2008 su o g 000 0cara c | ||
| 040 |
_aSA-JeALM _bara _cSA-RiAUC _erda |
||
| 043 | _aa-su--- | ||
| 082 | 0 | 4 |
_a929.2089927 _qSA-RiAUC |
| 090 |
_a929.2089927 _bظ ا هـ |
||
| 100 | 1 |
_aالظاهري، أبو عبد الرحمن بن عقيل، _d1357 هجري- _eمؤلف. |
|
| 245 | 1 | 0 |
_aآل إبراهيم الفضليون : _bإضاءة جوانب من تاريخنا المحلي . بآخره نصوص من الرحلة الثمينة إلى حمى أمير المدينة للسيد علي حافظ المدني رحمه الله تعالى/ _cأبو عبد الرحمن بن عقيل الظاهري. |
| 250 | _aالطبعة الأولى. | ||
| 264 | 1 |
_aالرياض : _bدار ابن حزم للنشر والتوزيع، _c1997 |
|
| 300 |
_a457 صفحة : _bيوجد صور ؛ _c24 سم |
||
| 336 |
_aنص _btxt _2rdacontent _3كتاب |
||
| 337 |
_aبدون وسيط _bn _2rdamedia |
||
| 338 |
_aمجلد _bnc _2rdacarrier |
||
| 501 | _aبآخره نصوص من الرحلة الثمينة إلى حمى أمير المدينة / علي حافظ المدني. | ||
| 600 | 3 | 7 |
_aآل إبراهيم _2aucnm |
| 600 | 3 | 7 |
_aالفضليون (أسرة) _2aucnm |
| 650 | 7 |
_aالقبائل العربية _zالسعودية _2aucsh |
|
| 650 | 7 |
_aالأنساب العربية _zالسعودية _2aucsh |
|
| 700 | 1 | 2 |
_aالمدني، علي حافظ. _tالرحلة الثمينة إلى حمى أمير المدينة. |
| 740 | 2 | 2 | _aالرحلة الثمينة إلى حمى أمير المدينة. |
| 942 |
_2ddc _cBOOK _n0 |
||
| 949 |
_aSA-JeALM _d260219 _uosman123 _n1 |
||
| 999 |
_c14392 _d14392 |
||